000 01452nam a2200361 i 4500
003 EG-GICUC
005 20260505132233.0
008 260505s1954 ua ||||fr|||| 00| 0 ara d
040 _a EG-GICUC
_bara
_c EG-GICUC
_d EG-GICUC
_erda
041 _aara
082 0 4 _221
_a345.3
_bم ح . ص
092 0 4 _221
099 _aLaw1 07 345.3 م ح . ص 1954
100 1 _aمحمد حسين عبد العال
_eمؤلف.
245 _aصور النشاط الإداري :
_bالضبط الإداري والمرافق العامة ووسائل النشاط الإداري والأموال العامة والوظيفة العامة .
_nالكتاب الثانى /
_cمحمد حسين عبد العال .
264 _aالقاهرة :
_b[غير محدد]،
_c[1954].
300 _aمتعدد الترقيم ؛
_c24 سم
336 _2rda content
_atext
337 _2rda media
_aComputer
338 _2rda carrier
_aOnline Resource
546 _aالنص باللغة العربية
650 1 _aالقانون الادارى
650 1 _aالنشاط الادارى
650 1 _aالضبط الإدارى
650 1 _aالمرافق العامة
651 1 _2qrmak
653 _aالاموال العامة
653 _aالوظيفة العامة
700 _aنسمة عبد العال
_eمؤلف مشارك.
856 4 0 _uhttps://fll.law.cu.edu.eg/fulltext/bks/B07-00577.pdf
905 _a60
942 _2ddc
_cBK
_e21
_n0
999 _c75706
_d75706